000 00536nam a2200181Ia 4500
005 20250508164235.0
008 008 250505s9999 xx 000 0 hin d
037 _aReference
040 _aFEDL
_beng
_cFEDL
041 _ahin
_2hin
084 _a150, NCE
_qFEDL
245 0 _aManovigyan: Kaksha 11th ke liye pathyapushtak
245 0 _cNCERT
260 _aNew Delhi, India
_bNational Council of Educational Research and Training
_c1928
300 _aviii,210p.
942 _cREF
_h150, NCE
999 _c1387833
_d1387833